EU Countries That Don't Use The Euro - Statistics

General Stats
  • This quiz has been taken 17 times
  • The average score is 4 of 6
Answer Stats
Currency Country % Correct
Krona Sweden
100%
Złoty Poland
79%
Koruna Czech Republic
71%
Krone Denmark
71%
Forint Hungary
64%
Leu Romania
57%
No matching quizzes found
Score Distribution
Percent of People with Each Score
Percentile by Number Answered
Your Score History
You have not taken this quiz